00352nam a2200121Ia 4500008004100000040001700041041001200058082001800070100003500088245005800123260003500181300001400216230917s9999||||xx |||||||||||||| ||und|| e116384aMAIN aEnglish a660.297 P588M aPicraux, thomas S. Choyke, W.J 0aMetastable materials formation by Ioh implantation v7 aNew DelhibNorth-Hollandc1982 av, 446 p.